| 000 | 01704nam a2200229Ia 4500 | ||
|---|---|---|---|
| 003 | Ost | ||
| 005 | 20260507075555.0 | ||
| 008 | 260507s9999||||xx |||||||||||||| ||und|| | ||
| 040 | _cfsecg | ||
| 041 | _aara | ||
| 082 | _a330 | ||
| 100 |
_aعلام، اعتماد محمد _eمؤلف |
||
| 245 | 0 |
_aالعمال و التحولات الاقتصادية و السياسية و الاجتماعية. / _c اعتماد محمد علام |
|
| 260 |
_aالقاهرة: _bمركز دراسات و بحوث الدول النامية, _c2004 |
||
| 300 |
_a343 صفحة؛ _bإيضاحات ؛ _c24 سم |
||
| 520 | _aاتجاهات التشغيل و الاجور في المشروعات الصغيرة و دراسة تحليلية لاوضاع البطالة و التشغيل في مصر و كذا منظمة العمل الدولية و حماية العمال, اضافة الى ابعاد و اشكاليات العلاقة بين العمال و الدولة و التنظيم النقابي في ظل سياسات التحرير الاقتصادي و كذا اوضاع العمال في مصر بين علاقات عمل جديدة و تنظيم نقابي قديم و الثابت و المتغير في بناء الطبقة العاملة المصرية و كذا مشكلات الطبقة العاملة في مصر (تحليل اجتماعي لآثار تطبيق سياسات الاصلاح الاقتصادي) و اخيرا الثقافة لدى بعض شرائح الطبقة العاملة. | ||
| 653 | _aالتحولات الاجتماعية | ||
| 653 | _aالتحولات الاقتصادية | ||
| 653 | _aالتحولات السياسية | ||
| 653 | _aالعمال | ||
| 942 | _cكتاب | ||
| 999 |
_c44956 _d44956 |
||